|
|
|
|
| LEADER |
00621cam a2200157 7i4500 |
| 001 |
0000017766 |
| 005 |
20060712090000.0 |
| 020 |
0 |
0 |
|a 983-9827-20-0
|
| 090 |
0 |
0 |
|a M 352.6309595
|b MAL
|
| 245 |
0 |
0 |
|a Perkhidmatan awam Malaysia :
|b meningkatkan kecekapan dan keberkesanan sistem penyampaian perkhidmatan.
|
| 260 |
0 |
0 |
|a Putrajaya:
|b Unit Pemodenan Tadbiran dan perancangan Pengurusan Malaysia(MAMPU),
|c 2006.
|
| 300 |
# |
# |
|a 132 p.
|
| 650 |
0 |
0 |
|a Civil service --
|x Management --
|z Malaysia
|
| 650 |
0 |
0 |
|a Public administration --
|x Management --
|z Malaysia
|
| 651 |
0 |
0 |
|a Malaysia
|
| 999 |
|
|
|a 0000018903
|b Book
|c Malaysia
|e Business Information Centre
|